00482nam a2200169 a 450000100060000000300090000600800410001502000150005604000280007108200140009910000220011324500610013526000520019630000110024865000290025965000240028816919CO-ViMGA141112s2004 ck r 000 u spa d a8433010824 aCO-ViMGAbspacCO-ViMGA04a153 W355d1 aWellman, Henry M.10aDesarrollo de la teoría del pensamiento en los niños aBilbao (España), cDesclee de Brouwer, c1995 a350.p.14aPENSAMIENTO - PSICOLOGIA14aPSICOLOGIA INFANTIL